000 00930cam a2200193 4500
001 WB3921-05
008 030603n2003 000 0 eng u
035 _a(Sirsi) u122503
245 _aRetail park tenants shift values
260 _c2003
490 _aRetail Week
_v30 May 2003, 41(1)
520 _aA survey of 74 retailers carried out by FPDSavills has found that lower staff, distribution and property costs, have driven them from high streets to retail parks. It highlights the trend towards smaller units and the popularity of mezzanines. Despite the recent introduction of a new code of practice on leases, retailers have become less keen on unconventional leases. More information is available from FPDSavills at http://www.fpdsavills.co.uk/
590 _aWB
650 _aRETAIL PARKS
650 _aLEASES
650 _aOUT OF TOWN RETAIL
690 _aPROPERTY-COMMERCIAL PROPERTY-RETAIL PROPERTY
942 _n0
999 _c72806
_d72806